Generalized functions and partial differential equations /

Guardado en:
Autor Principal: Shilov, G. E.
Otros Autores: Seckler, Bernard D. (Traductor, Editor )
Formato: Libro
Idioma:English
Russian
Publicado: New York : Gordon and Breach, c1968.
Edición:Authorized English ed. /
Series:Mathematics and its applications ; v. 7
Etiquetas: Agregar Etiqueta
Sin Etiquetas, Sea el primero en etiquetar este registro!
LEADER 00819cam a22002175 4500
001 MAT.inmabb001874
008 711007s1968####nyu######b####001#0#eng#d
005 20160530163605.0
245 1 0 |a Generalized functions and partial differential equations /  |c Georgi E. Shilov ; translated and edited by Bernard D. Seckler. 
250 |a Authorized English ed. /  |b rev. by the author. 
260 |a New York :  |b Gordon and Breach,  |c c1968. 
300 |a xii, 345 p. ;  |c 24 cm. 
490 0 |a Mathematics and its applications ;  |v v. 7 
504 |a "Bibliographical comments": p. 339-340. 
510 4 |a MR,  |c 37 #5694 
100 1 |a Shilov, G. E.  |q (Georgii Evgen´evich) 
700 1 |a Seckler, Bernard D.  |4 trl  |4 edt 
084 |a 35-02 (46Fxx)  |2 msc2000 
010 |a  67028235  
041 1 |a eng  |h rus 
859 |h 35  |i Sh556  |p A-3356  |b BIB. MATEMATICA